000
00300nam a22001337a 4500
008
170703b xxu||||| |||| 00| 0 eng d
020
_a
9780802867339
041
_a
eng
080
_a
82
100
_a
22
101
_a
GJL
245
_a
A PRIMER OF BIBLICAL GREEK
_c
CROY.C.N
942
_2
udc
_c
BK
999
_c
19831
_d
19831